=LDR 00000nam 2200000 4500 =001 INLIS000000000025316 =005 20130612123833 =008 ***********************************ind** =035 ##$$0010-061300000025316 =041 ##$$a ind =082 ##$$a 346.017 8 =090 ##$$a 346.017 8, BUD p =100 ##$$a Budiarto, M =245 ##$$a Pengangkatan anak ditinjau dari segi hukum, M.Budiarto =260 ##$$a 1985 $b Jakarta =300 ##$$a 106 hlm., 21 cm =650 ##$$a Hukum Perdata =850 ##$$a NBPNMAT